000 00840cam a22002777a 4500
003 CHAP
005 20220329133925.0
008 971013s1971 r 00010 d
010 _a12745
011 _a13717
035 _a17789
040 _cCHAP
082 _a589.2
_bG5 1971
245 1 2 _aA glossary of mycology
250 _aRev. ed.
260 _aCambridge, Mass :
_bHarvard University Press,
_c1971
300 _a181 p.
_b: láms. ; ilus.
590 _aBATCH-UPD
_b10
_c20130110
_lUCH01
_h0012
590 _aBATCH-UPD
_b10
_c20130409
_lUCH01
_h1949
590 _aBATCH-UPD
_b10
_c20130914
_lUCH01
_h1816
590 _aCONVERSION
_b10
_c20130109
_lUCH01
_h1308
650 1 4 _aMicología
_xDiccionarios.
_975478
901 _aBK
942 _cLIBRO
949 _a589.2 G5 1971
_bBC
_cC
_d33724000526869
_eC
_gI.133658
_h69338
_i17789
_si
_t11687.00
999 _c12745
_d12745